| 000 | 03736nam a22004217a 4500 | ||
|---|---|---|---|
| 005 | 20091211100346.0 | ||
| 008 | 091211t xxu||||| |||| 00| 0 eng d | ||
| 010 | _aB-370182-197 | ||
| 020 |
_a9780195676983 _c665.00 |
||
| 035 | _aB-370182-197 | ||
| 037 | _bImpulse | ||
| 040 |
_adpl _bEnglish |
||
| 082 | _a808.882 | ||
| 245 |
_aOxford quotations and proverbs / _cedited by Susan Ratcliffe |
||
| 260 |
_aNew Delhi _bOxford University Press _c2009 (repr.) |
||
| 270 |
_aYMCA Library Building, Jai Singh Road, _bNew Delhi _e110001 |
||
| 300 |
_ax, 374p. _c25cm(Hb) |
||
| 500 | _aThis book published in 3 vol. and set price is 1995.00 | ||
| 700 | _aRatcliffe, Susan | ||
| 942 |
_2ddc _cRF _mOXF _h808.882 |
||
| 999 |
_c32474 _d32474 |
||